[Event "10th EICC w"]
[Site "St Petersburg RUS"]
[Date "2009.03.19"]
[Round "11"]
[White "Tsatsalashvili,K"]
[Black "Aginian,N"]
[Result "1-0"]
[WhiteElo "2231"]
[BlackElo "2335"]

1.d4 d5 2.c4 c6 3.Nf3 Nf6 4.Nc3 e6 5.e3 Nbd7 6.a4 Bb4 7.Bd2 O-O 8.Be2 dxc4
9.Bxc4 c5 10.O-O cxd4 11.exd4 h6 12.Qb3 Qa5 13.Rfe1 Rd8 14.Rad1 a6 15.h3 Kh8
16.Re3 Qb6 17.Ne5 Nxe5 18.dxe5 Nd7 19.Rd3 Rf8 20.Rxd7 Bxd7 21.Be3 Qc7 22.Qxb4 Bc6
23.Qd6 Qc8 24.Bc5 Rd8 25.Qxd8+ Qxd8 26.Rxd8+ Rxd8 27.Bd6 Rc8 28.Bd3 Kg8 29.a5 f6
30.f4 Kf7 31.Ne4 Bd5 32.Nc3 Bc6 33.h4 f5 34.Kf2 g5 35.hxg5 hxg5 36.fxg5 Rg8
37.Ne2 Rxg5 38.Nf4 Rg4 39.g3 Rg7 40.Be2 Rh7 41.Bh5+ Kg8 42.b4 Rh6 43.Ke3 Rh7
44.g4 Bd7 45.gxf5 exf5 46.Bf3 Bc6 47.Bxc6 bxc6 48.e6 Rh1 49.Kd4 Rc1 50.Ke5 Rd1
51.Bc5 Kg7 52.Kxf5 Re1 53.Nh5+ Kg8 54.Nf6+ Kg7 55.Ne8+ Kg8 56.Nc7  1-0

[Event "10th Dos Hermanas Internet"]
[Site "ICC INT"]
[Date "2009.03.20"]
[Round "1.3"]
[White "Kononenko,Dmitry1"]
[Black "Gormally,D"]
[Result "1-0"]
[WhiteElo "2574"]
[BlackElo "2506"]

1.d4 d5 2.c4 c6 3.Nc3 Nf6 4.e3 e6 5.Nf3 Nbd7 6.Qc2 Bd6 7.Bd3 O-O 8.O-O dxc4
9.Bxc4 a6 10.Bd3 Qc7 11.Ne4 Nxe4 12.Bxe4 h6 13.Bd2 e5 14.h3 exd4 15.Nxd4 Nf6
16.Bf3 Re8 17.Bc3 Bh2+ 18.Kh1 Be5 19.Rad1 c5 20.Ne2 Bxc3 21.Qxc3 Be6 22.Nf4 Rac8
23.Nxe6 Rxe6 24.Rd2 b5 25.Rfd1 c4 26.Qb4 c3 27.Rc2 Ree8 28.Rxc3 Qe5 29.Qd4 Qf5
30.Kg1 Rxc3 31.Qxc3 Rc8 32.Qd4 Qc2 33.e4 Rc4 34.Qd8+ Kh7 35.Qd3 Qxd3 36.Rxd3 Rc1+
37.Kh2 Rc2 38.e5 Ng8 39.Be4+ Kh8 40.Rf3 Rc7 41.Bd5 Rc5 42.Bxf7 Rxe5 43.Bxg8 Kxg8
44.Re3 Rc5 45.Re2 Kf7 46.g4 Rc4 47.Kg3 b4 48.f4 a5 49.f5 a4 50.Rd2 a3 51.bxa3 bxa3
52.Rd3 Ra4 53.Rb3 Kf6 54.h4 Ke5 55.Rc3 Kf6 56.Rf3 Ke5 57.g5 hxg5 58.hxg5 Kd6
59.f6 gxf6 60.gxf6  1-0

[Event "10th Dos Hermanas Internet"]
[Site "ICC INT"]
[Date "2009.03.20"]
[Round "2.3"]
[White "Ajrapetjan,Y"]
[Black "Andriasian,Z"]
[Result "1/2-1/2"]
[WhiteElo "2490"]
[BlackElo "2564"]

1.d4 d5 2.c4 c6 3.Nf3 Nf6 4.e3 e6 5.Nc3 Nbd7 6.Bd3 dxc4 7.Bxc4 b5 8.Bd3 Bd6
9.O-O O-O 10.Qc2 Bb7 11.Bd2 Qb8 12.h3 a6 13.a4 b4 14.Ne4 Nxe4 15.Bxe4 Nf6
16.Bd3 c5 17.Ng5 h6 18.Nh7 Nxh7 19.Bxh7+ Kh8 20.Be4 cxd4 21.exd4 Be7 22.Rac1 Bf6
23.Rfd1 a5 24.Qd3 Rd8 25.Be3 Bd5 26.Rc5 Qb7 27.Bxd5 Rxd5 28.Rdc1 Rad8 29.Rc7 Qb6
30.Rxf7 R5d7 31.Rxd7 Rxd7 32.Qe4 Qd6 33.Rc5 Rd8 34.Rxa5 Bxd4 35.Bxd4 Qxd4
36.Qxd4 Rxd4 37.Rb5 b3 38.a5 Rd1+ 39.Kh2 Ra1 40.Rxb3 Rxa5 41.Rb8+ Kh7 42.Rb6 e5
43.Kg3 Rd5 44.h4 Rd3+ 45.Kh2 Rd2 46.Kg3 Rd3+ 47.Kh2 Rd2 48.f3 Rd4 49.Kg3 e4
50.h5 e3 51.Re6 Rb4 52.Rxe3 Rxb2 53.Re7 Rb5 54.Kh4 Rg5 55.g4 Ra5 56.Kg3 Ra3
57.Kf4 Rb3 58.Re4 Ra3 59.Rd4 Rb3 60.Ke4 Ra3 61.f4 Rg3 62.Kf5 Ra3 63.Rd5 Rf3
64.Re5 Rf1 65.Re7 Rf2 66.Rd7 Rf1 67.Rd6 Rf2 68.Rd4 Rf1 69.Ke5 Re1+ 70.Re4 Rg1
71.Kf5 Rf1 72.Ke6 Rf2 73.f5 Ra2 74.Kf7 Ra7+ 75.Re7 Ra6 76.Kf8 Ra8+ 77.Re8 Ra4
78.Kf7 Rxg4 79.Rg8 Rg5 80.f6 gxf6 81.Rg6 f5 82.Kf6 f4 83.Kf7 Rf5+ 84.Ke6 Rf8
85.Rg1 f3 86.Rf1 f2 87.Ke5 Kg7 88.Ke4 Rb8 89.Ke3 Rb5 90.Kxf2 Rxh5 91.Kg2 Rg5+
92.Kh3 Kg6 93.Rf3 Kh5 94.Rg3 Rxg3+ 95.Kxg3 Kg5 96.Kh3 h5 97.Kg3 h4+ 98.Kh3 Kh5
99.Kh2 Kg4 100.Kg2 h3+ 101.Kh2 Kh4 102.Kh1 Kg3 103.Kg1 h2+ 104.Kh1 Kh3  1/2-1/2

[Event "TCh-AUT 1st Bundesliga 2008-9"]
[Site "Ansfelden AUT"]
[Date "2009.03.21"]
[Round "10"]
[White "Knoll,H"]
[Black "Buhmann,R"]
[Result "1/2-1/2"]
[WhiteElo "2371"]
[BlackElo "2565"]

1.d4 d5 2.Nf3 c6 3.c4 Nf6 4.Nc3 e6 5.e3 a6 6.Qc2 c5 7.dxc5 Bxc5 8.a3 Nc6
9.Bd3 O-O 10.O-O h6 11.Rd1 Bd6 12.e4 dxc4 13.Bxc4 Qc7 14.Qe2 Ne5 15.Nxe5 Bxe5
16.h3 b5 17.Bd3 Bb7 18.Bd2 Rad8 19.Rac1 Qb8 20.Bb1 Rd7 21.Be1 Rxd1 22.Rxd1 Rc8
23.Na2 Rd8 24.Rxd8+ Qxd8 25.Bc3 Qd6 26.Bxe5 Qxe5 27.Nc3 g5 28.g3 Qc5 29.Qd3 Kg7
30.b4 Qe5 31.Qe3 g4 32.h4 Nd7 33.Bc2 Qd6 34.Bd1 Ne5 35.Be2 f6 36.Qa7 Qc6
37.Qd4 h5 38.Kf1 Kf7 39.Ke1 Ke7 40.Kd2 Qd6 41.Ke3 Qc7 42.Kd2 Nd7  1/2-1/2

[Event "TCh-AUT 1st Bundesliga 2008-9"]
[Site "Ansfelden AUT"]
[Date "2009.03.21"]
[Round "10"]
[White "Baumegger,S"]
[Black "Volkmann,F"]
[Result "1-0"]
[WhiteElo "2447"]
[BlackElo "2444"]

1.d4 d5 2.Nf3 Nf6 3.c4 c6 4.Nc3 e6 5.e3 Nbd7 6.Bd3 dxc4 7.Bxc4 b5 8.Bd3 Bb7
9.O-O a6 10.a4 b4 11.Nb1 c5 12.Nbd2 cxd4 13.exd4 Nc5 14.Bc2 Nce4 15.a5 Bd6
16.Ba4+ Kf8 17.Nc4 Rc8 18.Nb6 Rc7 19.Ne5 Nd5 20.Qe2 Nxb6 21.axb6 Rc8 22.Be3 Bxe5
23.dxe5 Qd5 24.f3 Nc5 25.Rfd1 Qxe5 26.Rac1 Nxa4 27.Rxc8+ Bxc8 28.Rd8+ Ke7
29.Rxh8 Nxb6 30.Qd2 Nd5 31.Bd4 Qf4 32.Qxf4 Nxf4 33.Bc5+ Kd7 34.Bxb4 h5 35.Bd2 Nd3
36.Ba5  1-0

[Event "TCh-AUT 1st Bundesliga 2008-9"]
[Site "Ansfelden AUT"]
[Date "2009.03.21"]
[Round "10"]
[White "Ftacnik,L"]
[Black "Korneev,O"]
[Result "1/2-1/2"]
[WhiteElo "2562"]
[BlackElo "2613"]

1.d4 d5 2.Nf3 Nf6 3.c4 c6 4.Nc3 e6 5.e3 Nbd7 6.Qc2 Bd6 7.b3 O-O 8.Be2 dxc4
9.bxc4 e5 10.O-O Re8 11.Rd1 exd4 12.exd4 Nf8 13.Rb1 Ng6 14.g3 Rb8 15.Ng5 Bg4
16.Bxg4 Nxg4 17.Qf5 Nf6 18.Be3 h6 19.Nge4 Nxe4 20.Nxe4 Bf8 21.d5 Qc8 22.Qxc8 Rbxc8
23.Nd2 b6  1/2-1/2

[Event "Spring Open"]
[Site "Belgrade SRB"]
[Date "2009.03.21"]
[Round "1"]
[White "Brujic,B"]
[Black "Mesterovic,L"]
[Result "1-0"]
[WhiteElo "2194"]
[BlackElo "1790"]

1.d4 d5 2.c4 e6 3.Nc3 Nf6 4.e3 c6 5.Nf3 Be7 6.Bd3 dxc4 7.Bxc4 b5 8.Bd3 Bb7
9.O-O Nbd7 10.e4 a6 11.e5 Nd5 12.Nxd5 exd5 13.Be3 Nf8 14.Nd2 Qb6 15.Nb3 Ne6
16.Rc1 g6 17.f4 O-O-O 18.f5 gxf5 19.Rxf5 f6 20.exf6 Bd6 21.Rh5 Kb8 22.Qg4 Bc8
23.Bf5 Rhg8 24.Qh4 Qc7 25.Rxh7 Rd7 26.Rh6 Rf7 27.Bg6 Rxg6 28.Rxg6 Bf4 29.Re1 Bxe3+
30.Rxe3 a5 31.Rg8 Ka7 32.Nxa5 Kb6 33.Nb3 Rh7 34.Qg3 Nf4 35.Rxc8 Nh3+ 36.gxh3 Qxc8
37.Qe1 Qg8+ 38.Rg3  1-0

[Event "25th Spring Festival"]
[Site "Budapest HUN"]
[Date "2009.03.21"]
[Round "2"]
[White "Corke,A"]
[Black "Yip,M"]
[Result "1-0"]
[WhiteElo "2260"]
[BlackElo "2089"]

1.d4 d5 2.c4 e6 3.Nc3 c6 4.e3 Nf6 5.Nf3 Nbd7 6.Bd3 dxc4 7.Bxc4 b5 8.Bd3 Bb7
9.O-O a6 10.e4 c5 11.d5 Qc7 12.dxe6 fxe6 13.Qe2 c4 14.Bc2 Bc5 15.a4 b4 16.Nd1 a5
17.e5 Nd5 18.Ng5 Ke7 19.Nxe6 Kxe6 20.Qg4+ Kf7 21.e6+ Kf8 22.exd7 Nf6 23.Qg5 h6
24.Qg6 Nxd7 25.Re1 Bd6 26.Ne3 Ne5 27.Qh5 Re8 28.Rd1 Re6 29.Qh3 Qf7 30.Nf5 Bc7
31.Be3 h5 32.Nd4 Re8 33.Nb5 Bc8 34.Qh4 Re6 35.Nxc7 Qxc7 36.Rd8+ Re8 37.Rxe8+ Kxe8
38.Re1 Kf8 39.Qf4+  1-0

[Event "10th Dos Hermanas Internet"]
[Site "ICC INT"]
[Date "2009.03.21"]
[Round "3.1"]
[White "Cheparinov,I"]
[Black "Andriasian,Z"]
[Result "1/2-1/2"]
[WhiteElo "2679"]
[BlackElo "2564"]

1.d4 d5 2.c4 c6 3.Nf3 Nf6 4.e3 e6 5.Nc3 Nbd7 6.Qc2 Bd6 7.b3 O-O 8.Bb2 Qe7
9.Be2 b6 10.O-O Bb7 11.Rad1 Rfd8 12.Rfe1 Rac8 13.Bf1 h6 14.g3 c5 15.cxd5 cxd4
16.Nxd4 Nxd5 17.Nxd5 Bxd5 18.Qb1 Ne5 19.e4 Bb7 20.Bg2 Bb4 21.Re3 Ng4 22.Red3 a6
23.h3 Ne5 24.Re3 Bc5 25.Ree1 Rd7 26.Nf3 Nxf3+ 27.Bxf3 Rcd8 28.Rxd7 Rxd7 29.Rd1 Qd8
30.Rxd7 Qxd7 31.Qc2 a5 32.Kg2 Ba6 33.Be2 Bb7 34.Bf3 Ba6 35.Be2 Bb7 36.Bf3 Ba6
37.Be2 Bb7 38.Bf3 Ba6  1/2-1/2

[Event "10th Dos Hermanas Internet"]
[Site "ICC INT"]
[Date "2009.03.21"]
[Round "5.3"]
[White "Kononenko,Dmitry1"]
[Black "Andriasian,Z"]
[Result "1-0"]
[WhiteElo "2574"]
[BlackElo "2564"]

1.d4 d5 2.c4 c6 3.Nc3 Nf6 4.e3 e6 5.Nf3 Nbd7 6.Qc2 Bd6 7.Bd3 dxc4 8.Bxc4 b5
9.Be2 O-O 10.O-O Bb7 11.Rd1 Qb8 12.h3 a6 13.e4 e5 14.dxe5 Nxe5 15.Nd4 Ng6
16.Bg5 Re8 17.Bxf6 gxf6 18.Nf5 Bf8 19.g3 Qe5 20.Bf3 Rad8 21.a4 b4 22.Ne2 c5
23.Rxd8 Rxd8 24.Ne3 Qe6 25.Kg2 a5 26.Nd5 Ne5 27.Nef4 Qd6 28.Bg4 Nxg4 29.hxg4 Bh6
30.Rd1 Bxf4 31.gxf4 Qe6 32.f3 Bxd5 33.Qxc5 Rc8 34.Qxd5 Rc2+ 35.Kg3 Qxd5 36.Rxd5 Rxb2
37.Rxa5 Ra2 38.Ra7 b3 39.Rb7 b2 40.a5 Kg7 41.a6 Rxa6 42.Rxb2 Ra3 43.Rb5 Rc3
44.g5 fxg5 45.Rxg5+ Kf6 46.Rh5 Kg6 47.Rg5+ Kf6 48.Rg8 h6 49.f5 Ke5 50.Re8+ Kf6
51.Kf4 Kg7 52.Ra8 Rb3 53.Ra2 Rc3 54.Rg2+ Kh7 55.Rg3 Rc5 56.Rh3 Kg7 57.Rh2 Rb5
58.Rg2+ Kf6 59.Rc2 Kg7 60.Rc6 Ra5 61.Kg4 Rb5 62.f4 Rb1 63.Rc3 Rg1+ 64.Rg3 Re1
65.e5 Kh7 66.f6 Rf1 67.Kf5 h5 68.Rg7+ Kh6 69.Rg8 Kh7 70.Rg7+ Kh6 71.Rxf7 h4
72.Rf8 Kh7 73.Kg4 h3 74.Kxh3 Rxf4 75.e6 Kg6 76.e7 Re4 77.e8=Q+ Rxe8 78.Rxe8 Kxf6
79.Re1  1-0

[Event "SPICE Spring Inv"]
[Site "Lubbock USA"]
[Date "2009.03.21"]
[Round "9"]
[White "Kacheishvili,G"]
[Black "Gareev,T"]
[Result "1/2-1/2"]
[WhiteElo "2590"]
[BlackElo "2580"]

1.d4 d5 2.c4 e6 3.Nf3 c6 4.Nc3 Nf6 5.e3 Nbd7 6.Bd3 dxc4 7.Bxc4 b5 8.Bd3 Bd6
9.a3 O-O 10.O-O a6 11.b4 a5  1/2-1/2

[Event "TCh-AUT 1st Bundesliga 2008-9"]
[Site "Ansfelden AUT"]
[Date "2009.03.22"]
[Round "11"]
[White "Socko,B"]
[Black "Baramidze,D"]
[Result "1/2-1/2"]
[WhiteElo "2631"]
[BlackElo "2548"]

1.c4 e6 2.d4 d5 3.Nf3 Nf6 4.Nc3 c6 5.e3 Nbd7 6.Qc2 Bd6 7.b3 O-O 8.Be2 e5
9.cxd5 cxd5 10.Nb5 Bb8 11.Ba3 Re8 12.Rc1 e4 13.Nd2 Nf8 14.Nc7 Bxc7 15.Qxc7 Qxc7
16.Rxc7 Ne6 17.Rc1 Bd7 18.f3 exf3 19.gxf3 Nxd4 20.exd4 Bb5 21.Nc4 dxc4 22.bxc4 Re3
23.Bd6 Rae8 24.Be5 Bc6 25.Kf2 Ra3 26.Ra1 Nd7 27.Bd6 Rxe2+ 28.Kxe2 Bxf3+ 29.Kf2 Rd3
30.Rhe1 Nf6 31.Re3 Ng4+ 32.Kxf3 Nxe3 33.Ke2 Rxd4 34.Bc5 Rxc4 35.Bxe3 Ra4
36.a3 f6 37.Bc5 b6 38.Bd6 Kf7 39.Rc1 Ke6 40.Bb4 a5 41.Bf8 Kf7 42.Bd6 b5 43.Rb1 Ke6
44.Bf8 Kf7 45.Bc5 b4 46.axb4 Ra2+ 47.Kf1 axb4 48.Bf2 Ra4 49.Be1 g5 50.Bxb4 h5
51.Bc3 Ra6 52.Rb5 Kg6 53.Kf2 h4 54.Kf3 Rc6 55.Bd4 Rd6 56.Ke4 Re6+ 57.Kd3 f5
58.Rb6 Rxb6 59.Bxb6 Kh5 60.Ke3 Kg4 61.Bd8 Kh3 62.Bxg5 Kxh2  1/2-1/2

[Event "TCh-AUT 1st Bundesliga 2008-9"]
[Site "Ansfelden AUT"]
[Date "2009.03.22"]
[Round "11"]
[White "Chernin,A"]
[Black "Lipka,J"]
[Result "1-0"]
[WhiteElo "2593"]
[BlackElo "2426"]

1.d4 d5 2.c4 c6 3.e3 e6 4.Nc3 Nf6 5.Nf3 Nbd7 6.Qc2 Bd6 7.Be2 O-O 8.O-O dxc4
9.Bxc4 a6 10.Rd1 b5 11.Bd3 Bb7 12.e4 e5 13.Ne2 Qc7 14.Ng3 Rfe8 15.dxe5 Nxe5
16.Nxe5 Bxe5 17.a4 c5 18.axb5 axb5 19.Rxa8 Rxa8 20.Bxb5 Bxg3 21.hxg3 Bxe4
22.Qc3 Rc8 23.Bf1 Qc6 24.g4 h6 25.f3 Bd5 26.Bd2 Rb8 27.Be2 Qb6 28.Bc1 Qb4
29.Qxb4 cxb4 30.Bf4 Ra8 31.Rd4 b3 32.Rb4 Be6 33.Rb8+ Rxb8 34.Bxb8 Nd7 35.Ba7 Ne5
36.Kf2 f5 37.gxf5 Bxf5 38.Bd4 Nd3+ 39.Ke3 Ne1 40.Bc4+ Kh7 41.Kf2 Nc2 42.Bc3 Na1
43.Ke3 g5 44.Kd4 Kg6 45.Ke5 h5 46.Bb5 Bc8 47.Be8+ Kh6 48.Kf6 h4 49.Bg6  1-0

[Event "TCh-BEL 2008-9"]
[Site "Belgium BEL"]
[Date "2009.03.22"]
[Round "11"]
[White "Winants,L"]
[Black "Mainka,R"]
[Result "1/2-1/2"]
[WhiteElo "2516"]
[BlackElo "2482"]

1.d4 Nf6 2.c4 c6 3.Nc3 d5 4.e3 e6 5.Nf3 a6 6.c5 b6 7.cxb6 Nbd7 8.Bd2 Qxb6
9.Na4 Qb8 10.Rc1 Bb7 11.Bd3 Bd6 12.b4 O-O 13.Qc2 a5 14.bxa5 Bc7 15.Nc5 Nxc5
16.Qxc5 Ba6 17.Bxa6 Rxa6 18.O-O Qa8 19.Bb4 Re8 20.a3 Rc8 21.Qc2 Bxa5 22.Ne5 Bxb4
23.axb4 Ra2 24.Qb1 Ra4 25.b5 cxb5 26.Rxc8+ Qxc8 27.Qxb5 Qa8 28.h3 g6 29.Rc1 Ra1
30.Rxa1 Qxa1+ 31.Kh2 Qa7 32.g4 h6 33.Kg2 Kg7 34.Qc6 Qe7 35.Qc8 Ne4 36.Qd7 Qxd7
37.Nxd7 g5 38.f3  1/2-1/2

[Event "Kaissa Men"]
[Site "Kharkiv UKR"]
[Date "2009.03.23"]
[Round "4"]
[White "Simantsev,M"]
[Black "Efanov,N"]
[Result "1/2-1/2"]
[WhiteElo "2511"]
[BlackElo "2411"]

1.d4 d5 2.c4 c6 3.Nc3 Nf6 4.e3 e6 5.Nf3 Nbd7 6.Qc2 Bd6 7.b3 O-O 8.Be2 b6
9.O-O Bb7 10.Bb2 Qe7 11.Rad1 Rad8 12.Rfe1 Rfe8 13.Bf1 c5 14.cxd5 exd5 15.g3 Nf8
16.Bg2 Ng6 17.Nb5 Bb8 18.dxc5 bxc5 19.Bxf6 gxf6 20.Nc3 Bc7 21.Rc1 Ba5 22.Red1 d4
23.exd4 Bxf3 24.Bxf3 cxd4 25.Nd5 Qe5 26.Qe4 Bb6 27.Qxe5 Rxe5 28.Nxf6+ Kg7
29.Ne4 d3 30.Kg2 h5 31.h4 Rf5 32.Ng5 Ne5 33.Rd2 Ba5 34.Rdd1 Bb6 35.Rd2 Ba5
36.Rdd1 Bb6 37.Rd2  1/2-1/2

[Event "Spring Open"]
[Site "Belgrade SRB"]
[Date "2009.03.24"]
[Round "4"]
[White "Markovic,N"]
[Black "Lalic Petric,S"]
[Result "1/2-1/2"]
[WhiteElo "1946"]
[BlackElo "1998"]

1.d4 d5 2.c4 c6 3.Nc3 e6 4.Nf3 Nf6 5.e3 Be7 6.Bd3 h6 7.O-O a6 8.c5 Nbd7 9.e4 dxe4
10.Nxe4 Nd5 11.Ne5 Nxe5 12.dxe5 Nb4 13.Nd6+ Bxd6 14.cxd6 Nxd3 15.Qxd3 O-O
16.Be3 Bd7 17.b4  1/2-1/2

[Event "Battle of the GMs"]
[Site "Dapitan PHI"]
[Date "2009.03.25"]
[Round "3"]
[White "Laylo,D"]
[Black "Sadorra,J"]
[Result "1-0"]
[WhiteElo "2504"]
[BlackElo "2439"]

1.d4 d5 2.c4 e6 3.Nc3 c6 4.e3 Nf6 5.Nf3 Nbd7 6.b3 Bd6 7.Bd3 O-O 8.O-O b6
9.Qe2 Bb7 10.Bb2 Re8 11.Rfd1 a6 12.Rac1 b5 13.Qc2 e5 14.dxe5 Nxe5 15.Nxe5 Bxe5
16.h3 Bb8 17.Ne2 h6 18.Bf5 Qe7 19.cxd5 cxd5 20.Qc5 Bd6 21.Qd4 a5 22.Qh4 Be5
23.Bxe5 Qxe5 24.Qf4 b4 25.Qxe5 Rxe5 26.Nd4 g6 27.Rc7 Ba6 28.Bb1 Ree8 29.Rc5 a4
30.Rdc1 Reb8 31.Nc6 Rb5 32.bxa4 Rxc5 33.Rxc5 Bc4 34.Ra5 Rxa5 35.Nxa5 Kf8
36.Nc6 Ke8 37.Nxb4 Kd7 38.f3 Kd6 39.Kf2 Kc5 40.Nd3+ Kd6 41.h4 Nd7 42.Ke1 Nb6
43.a5 Nd7 44.Kd2 Nb8 45.Nb4 Kc5 46.Kc3 Kb5 47.a3 Kxa5 48.Kd4 Kb6  1-0

[Event "Open"]
[Site "Reykjavik ISL"]
[Date "2009.03.26"]
[Round "3"]
[White "Kristinsson,Bj"]
[Black "Finnbogadottir,T"]
[Result "0-1"]
[WhiteElo "1959"]
[BlackElo "1660"]

1.d4 d5 2.c4 c6 3.Nf3 Nf6 4.Nc3 e6 5.e3 Nbd7 6.Bd3 dxc4 7.Bxc4 b5 8.Bd3 a6
9.O-O c5 10.e4 cxd4 11.Nxd4 Nc5 12.e5 Nd5 13.Nxd5 Qxd5 14.Be2 Qxe5 15.Bf3 Bb7
16.b4 Ne4 17.Bb2 Bxb4 18.Qb3 Bd6 19.Rfd1 Qxh2+ 20.Kf1 Bd5 21.Qe3 Bc4+ 22.Rd3 f5
23.Nxf5 O-O 24.Nxg7 Rxf3 25.Qxf3 Nd2+ 26.Ke1 Nxf3+ 27.Rxf3 Bb4+ 28.Kd1 Qd6+
29.Kc2 Qd2+ 30.Kb1 Bd3+  0-1

[Event "TCh-AUT 2nd Bundesliga Mitte 2008-9"]
[Site "Austria AUT"]
[Date "2009.03.27"]
[Round "9"]
[White "Horvath,Cs1"]
[Black "Pinter,J"]
[Result "1/2-1/2"]
[WhiteElo "2529"]
[BlackElo "2536"]

1.d4 Nf6 2.Nf3 d5 3.c4 e6 4.Nc3 c6 5.e3 Nbd7 6.Bd3 dxc4 7.Bxc4 b5 8.Bd3 Bb7
9.a3 a5 10.e4 b4 11.Na4 Be7 12.O-O  1/2-1/2

[Event "Spring Open"]
[Site "Belgrade SRB"]
[Date "2009.03.27"]
[Round "6"]
[White "Vlahovic,S"]
[Black "Cetkovic,Mi"]
[Result "1/2-1/2"]
[WhiteElo "2175"]
[BlackElo "2283"]

1.d4 d5 2.Nf3 Nf6 3.c4 c6 4.Nc3 e6 5.e3 Bd6 6.Bd3 Nbd7 7.O-O O-O 8.a3 a5
9.Rb1 Re8 10.c5 Bc7 11.b4 axb4 12.axb4 e5 13.dxe5 Nxe5 14.Nxe5 Bxe5 15.Ne2 Ne4
16.Bxe4 dxe4 17.Qxd8 Rxd8 18.Bb2 Ra2 19.Bxe5 Rxe2 20.Bd6 Be6 21.b5 cxb5 22.Rxb5 Bd5
23.h3 Bc6 24.Rb4 Ra2 25.Rfb1 h6 26.g4 Rda8 27.R4b2 R2a4 28.Kh2 Ra2 29.Kg3 Rxb2
30.Rxb2 f6  1/2-1/2

[Event "Battle of the GMs"]
[Site "Dapitan PHI"]
[Date "2009.03.27"]
[Round "6"]
[White "Paragua,M"]
[Black "Nolte,R"]
[Result "1/2-1/2"]
[WhiteElo "2537"]
[BlackElo "2488"]

1.d4 d5 2.c4 c6 3.Nf3 Nf6 4.Nc3 e6 5.e3 Nbd7 6.Bd3 dxc4 7.Bxc4 b5 8.Bd3 Bb7
9.O-O a6 10.e4 c5 11.d5 c4 12.Bc2 Qc7 13.Ng5 e5 14.f4 Bd6 15.f5 h6 16.Nf3 Nc5
17.a3 Bc8 18.Qe2 Bd7 19.Qd1 Bc8 20.Qe2 Bd7 21.Qd1 Bc8  1/2-1/2

[Event "Open"]
[Site "Reykjavik ISL"]
[Date "2009.03.27"]
[Round "4"]
[White "Grandelius,N"]
[Black "Stefansson,H"]
[Result "1/2-1/2"]
[WhiteElo "2464"]
[BlackElo "2563"]

1.d4 Nf6 2.c4 e6 3.Nf3 d5 4.Nc3 c6 5.e3 Nbd7 6.Bd3 dxc4 7.Bxc4 b5 8.Bd3 a6
9.e4 c5 10.e5 cxd4 11.Nxb5 Ng4 12.Qa4 Bb7 13.Nbxd4 Qb6 14.O-O Bc5 15.h3 Bxf3
16.hxg4 Bd5 17.Nb3 O-O 18.Qxd7 Bxb3 19.Bxh7+ Kxh7 20.Qd3+ Kg8 21.Qxb3 Qxb3
22.axb3 Rfb8 23.Ra5 Bb4 24.Ra4 a5 25.Be3 Rb5 26.Rd1 Rxe5 27.Raa1 Rc8 28.Rd7 Rc2
29.Rad1 Bc5 30.Bxc5 Rexc5 31.Ra7 Rc1 32.Rxc1 Rxc1+ 33.Kh2 Rc2 34.f3 Rxb2  1/2-1/2

[Event "Open B"]
[Site "Zagreb CRO"]
[Date "2009.03.27"]
[Round "7"]
[White "Soldo,R"]
[Black "Plenca,J"]
[Result "1/2-1/2"]
[WhiteElo "2174"]
[BlackElo "2248"]

1.Nf3 Nf6 2.c4 c6 3.d4 d5 4.e3 e6 5.Nc3 Nbd7 6.Qc2 Bd6 7.b3 O-O 8.Bd3 e5
9.cxd5 cxd5 10.dxe5 Nxe5 11.Nxe5 Bxe5 12.Bb2 Bg4 13.O-O Rc8 14.Rac1 Bb8 15.Bf5 Rc6
16.Qd3 Re8 17.Nb5 Bxf5 18.Qxf5 Ne4 19.Rxc6 bxc6 20.Nd4 Qd6 21.g3 g6 22.Qg4 h5
23.Qe2 Qd7 24.Rc1 c5 25.Qb5 Qxb5 26.Nxb5 a6 27.Nc3 Be5 28.Nxe4 Bxb2 29.Rc2 Rxe4
30.Rxb2 Rb4 31.Rc2 c4 32.bxc4 dxc4 33.Kg2 Kg7 34.Kf3 Kf6 35.Ke4 Ra4 36.h4 Ke6
37.Kd4 f6 38.f3 Ra3 39.Rxc4 Rxa2 40.Rc6+ Kf7 41.Rc7+ Kg8 42.Ke4 Ra5 43.Ra7 g5
44.hxg5 fxg5 45.f4 g4 46.f5 Ra4+ 47.Ke5 Ra3 48.Kf4 Kf8 49.Kg5 Rxe3 50.Kxh5 Rxg3
51.Kg6 Re3 52.f6 g3  1/2-1/2

[Event "TCh-AUT 2nd Bundesliga Mitte 2008-9"]
[Site "Austria AUT"]
[Date "2009.03.28"]
[Round "10"]
[White "Pinter,J"]
[Black "Diermair,A"]
[Result "1-0"]
[WhiteElo "2536"]
[BlackElo "2365"]

1.d4 d5 2.c4 c6 3.Nc3 Nf6 4.e3 e6 5.Nf3 Nbd7 6.Bd3 dxc4 7.Bxc4 b5 8.Bd3 Bb7
9.e4 b4 10.Na4 c5 11.e5 Nd5 12.O-O cxd4 13.Nxd4 Nxe5 14.Bb5+ Nd7 15.Re1 Be7
16.Nc6 Bxc6 17.Bxc6 Rc8 18.Bb7 O-O 19.Bxc8 Qxc8 20.Bd2 Bf6 21.Rc1 Qb8 22.Qb3 Rd8
23.Rcd1 Ne5 24.h3 Nc6 25.Qc4 Ne5 26.Qe2 Qd6 27.Rc1 h6 28.Red1 Nd7 29.Be3 Qe5
30.Qf3 Qb8 31.Bd4 Ne5 32.Qe4 Qb5 33.Nc5 Nd7 34.Nxd7 Bxd4 35.Rxd4 Qxd7 36.Rdc4 Qb7
37.Qc2 a5 38.Rc8  1-0

[Event "TCh-AUT 2nd Bundesliga Mitte 2008-9"]
[Site "Austria AUT"]
[Date "2009.03.29"]
[Round "11"]
[White "Schenk,An"]
[Black "Pirker,C"]
[Result "1-0"]
[WhiteElo "2507"]
[BlackElo "2120"]

1.d4 Nf6 2.c4 e6 3.Nf3 d5 4.Nc3 c6 5.e3 Nbd7 6.Bd3 dxc4 7.Bxc4 b5 8.Bd3 a6
9.e4 c5 10.d5 Qc7 11.O-O c4 12.Bc2 Bd6 13.dxe6 fxe6 14.Ng5 Nb6 15.a4 Bxh2+
16.Kh1 h6 17.Nf3 Be5 18.axb5 Bxc3 19.bxc3 O-O 20.e5 Nfd7 21.Ba3 Rf4 22.Bd6 Qd8
23.Kg1 Nd5 24.Nd4 Nxc3 25.Qd2 Rxd4 26.Qxc3 Qb6 27.Qh3 Rxd6 28.exd6 Qxd6 29.Rfd1 Qe7
30.Be4 Ra7 31.Qe3 Nf6 32.b6 Rd7 33.Bc6 Rd3 34.Rxd3 cxd3 35.Qxd3 Ng4 36.Rd1  1-0

[Event "Bundesliga 2008-9"]
[Site "Baden Baden GER"]
[Date "2009.03.29"]
[Round "15"]
[White "Medvegy,Z"]
[Black "Hoffmann,Micha1"]
[Result "1-0"]
[WhiteElo "2556"]
[BlackElo "2469"]

1.d4 d5 2.c4 c6 3.Nc3 Nf6 4.e3 e6 5.Nf3 Nbd7 6.Qc2 Bd6 7.b3 O-O 8.Bd3 e5
9.cxd5 cxd5 10.Nb5 Bb4+ 11.Bd2 Bxd2+ 12.Nxd2 a6 13.dxe5 Nxe5 14.Nd4 Bg4 15.Bf5 Bxf5
16.Qxf5 Nc6 17.Qd3 Ne5 18.Qe2 Qa5 19.O-O Ne4 20.N2f3 Nxf3+ 21.gxf3 Nd6 22.Rad1 Rac8
23.Qb2 g6 24.Ne2 Nf5 25.Qd2 Qa3 26.Qxd5 Qxa2 27.Nc1 Qb2 28.Qxb7 Rc2 29.Nd3 Qf6
30.Qe4 Nh4 31.f4 Rc3 32.Ne5 Qe6 33.Nd7 Qh3 34.Ne5 f6 35.Rd7 Rc5 36.Qb7 Nf5
37.Qf3 Qxf3 38.Nxf3 Rf7 39.Rfd1 Rxd7 40.Rxd7 Rc3 41.Nd2 h6 42.Ne4 Rc6 43.b4 g5
44.fxg5 fxg5 45.Nc5 Rb6 46.Rb7 Rd6 47.Kf1 Rd1+ 48.Ke2 Ra1 49.e4 Ra2+ 50.Kd3 Ra3+
51.Kd2 Nd6 52.Ra7 a5 53.bxa5 Rxa5 54.Rxa5 Nc4+ 55.Kc3 Nxa5 56.Kd4 Kf7 57.Kd5 Ke7
58.e5 Kf7 59.h3 Ke7 60.Ne4 Nb3 61.Nd6 Nc1 62.Nf5+ Kf8 63.e6 Nd3 64.Kd6  1-0

[Event "ITT Proyeccion U20"]
[Site "Buenos Aires ARG"]
[Date "2009.03.29"]
[Round "6"]
[White "Real de Azua,E"]
[Black "Mayorga,N"]
[Result "1-0"]
[WhiteElo "2445"]
[BlackElo "2306"]

1.d4 Nf6 2.c4 c6 3.Nc3 d5 4.e3 e6 5.Nf3 Nbd7 6.Qc2 Bd6 7.Bd3 O-O 8.O-O dxc4
9.Bxc4 b5 10.Bd3 Bb7 11.Rd1 Qc7 12.a3 h6 13.Bd2 e5 14.h3 Rfe8 15.Rac1 a6
16.b4 exd4 17.exd4 Qb6 18.Be3 a5 19.Rb1 axb4 20.axb4 Ra3 21.Bf5 Rxc3 22.Qxc3 Nd5
23.Qd2 N7f6 24.Ne5 Nxe3 25.Qxe3 Nd5 26.Qd2 Bxe5 27.dxe5 Rxe5 28.Bc2 c5 29.Re1 Re6
30.Bf5 Rxe1+ 31.Rxe1 g5 32.bxc5 Qxc5 33.Be4 b4 34.Rd1  1-0

[Event "Open"]
[Site "Reykjavik ISL"]
[Date "2009.03.29"]
[Round "6"]
[White "Kristinsson,Bj"]
[Black "Jonsson,Ol"]
[Result "1/2-1/2"]
[WhiteElo "1959"]
[BlackElo "1913"]

1.d4 d5 2.c4 c6 3.Nf3 Nf6 4.Nc3 e6 5.e3 Nbd7 6.Bd3 Bd6 7.O-O O-O 8.e4 dxe4
9.Nxe4 Nxe4 10.Bxe4 Nf6 11.Bc2 c5 12.Be3 Qc7 13.Qd3 g6 14.h3 b6 15.Qc3 cxd4
16.Nxd4 Bb7 17.Nb5 Qc6 18.f3 Bc5 19.Nd4 Qc7 20.b4 Bxd4 21.Bxd4 Nh5 22.Be5 Qe7
23.g4 f6 24.gxh5 fxe5 25.Qxe5 gxh5 26.Kh2 Qf6 27.Rae1 Rae8 28.Qxf6 Rxf6 29.Be4 Ba6
30.Rg1+ Kf8 31.b5 Bc8 32.Rg5 h6 33.Rxh5 Rd8 34.Re2 Rd4 35.c5 bxc5 36.Rxc5 Bd7
37.Kg3 Ra4 38.Bc6 Ke7 39.Rd2 Be8 40.Rc3 Rg6+ 41.Kf2 Rg5 42.Re2 e5 43.Rc5 Kd6
44.Rd5+ Ke6 45.Rc5 Kd6 46.Rc3 Ke7 47.a3 Rd4 48.Rb2 Bd7 49.Bxd7 Kxd7 50.Rc6 Rh4
51.Rd2+ Ke7 52.Rc7+ Ke6 53.Rxa7 Rxh3 54.Rh7 Rf5 55.Rd3 e4 56.Re3 Rfxf3+ 57.Rxf3 Rxf3+
58.Ke2 Rxa3 59.Rxh6+ Kd5  1/2-1/2

[Event "Open"]
[Site "Reykjavik ISL"]
[Date "2009.03.30"]
[Round "7"]
[White "Bjornsson,T"]
[Black "Fridgeirsson,D"]
[Result "1-0"]
[WhiteElo "2173"]
[BlackElo "1787"]

1.d4 d5 2.c4 c6 3.Nf3 Nf6 4.Nc3 e6 5.e3 Nbd7 6.Bd3 dxc4 7.Bxc4 b5 8.Bd3 a6
9.a4 b4 10.Ne4 Bb7 11.Nxf6+ gxf6 12.e4 c5 13.d5 exd5 14.exd5 Bxd5 15.O-O Bxf3
16.Qxf3 Ne5 17.Re1 Be7 18.Rxe5 fxe5 19.Qc6+ Kf8 20.Bh6+ Kg8 21.Qf3 Bg5 22.Bxg5 Qxg5
23.Qxa8+ Kg7 24.Qe4 Rd8 25.Qxh7+ Kf6 26.Bc4 Rd7 27.Re1 Qd2 28.Qh8+ Kg6 29.Qxe5  1-0

[Event "Open"]
[Site "Reykjavik ISL"]
[Date "2009.03.30"]
[Round "7"]
[White "Halldorsson,J"]
[Black "Gudmundsdottir,G"]
[Result "1-0"]
[WhiteElo "2162"]
[BlackElo "1775"]

1.d4 d5 2.c4 c6 3.Nf3 Nf6 4.Nc3 e6 5.e3 Nbd7 6.Qc2 Be7 7.Bd3 O-O 8.O-O b6
9.e4 dxe4 10.Nxe4 Bb7 11.Rd1 Qc7 12.Bg5 h6 13.Bh4 c5 14.Rac1 Rfe8 15.Bg3 Qc6
16.Nxf6+ Nxf6 17.d5 exd5 18.Ne5 Qc8 19.Bf5 Qd8 20.cxd5 Bxd5 21.Nc6 Bxc6 22.Rxd8 Raxd8
23.h3 Nd5 24.a3 Bg5 25.Rd1 Nf4 26.Rxd8 Rxd8 27.h4 Nxg2 28.hxg5 Re8 29.Bh7+ Kh8
30.f4 Ne3 31.Qb1  1-0